فلاش 4 بايبل / (رقم التسجيلة. 79995)
[ عرض عادي ]
| 000 -LEADER | |
|---|---|
| fixed length control field | 00680nam a22002177a 4500 |
| 005 - DATE AND TIME OF LATEST TRANSACTION | |
| control field | 20251108172449.0 |
| 008 - FIXED-LENGTH DATA ELEMENTS--GENERAL INFORMATION | |
| fixed length control field | 250721s9999 xx 000 0 ara d |
| 082 14 - DEWEY DECIMAL CLASSIFICATION NUMBER | |
| Classification number | 005.3رينم |
| 100 1# - MAIN ENTRY--PERSONAL NAME | |
| Personal name | رينهاردت، روبرت |
| 245 10 - TITLE STATEMENT | |
| Title | فلاش 4 بايبل / |
| 246 11 - VARYING FORM OF TITLE | |
| Title proper/short title | Flash 4 Bible |
| 264 1# - PRODUCTION, PUBLICATION, DISTRIBUTION, MANUFACTURE, AND COPYRIGHT NOTICE | |
| Place of production, publication, distribution, manufacture | القاهرة : |
| Name of producer, publisher, distributor, manufacturer | دار الفاروق للنشر والتوزيع، |
| 300 ## - PHYSICAL DESCRIPTION | |
| Extent | 767ص+CD |
| 650 17 - SUBJECT ADDED ENTRY--TOPICAL TERM | |
| Topical term or geographic name as entry element | برمجة الحاسوب |
| 650 17 - SUBJECT ADDED ENTRY--TOPICAL TERM | |
| Topical term or geographic name as entry element | لغات البرمجة |
| 650 17 - SUBJECT ADDED ENTRY--TOPICAL TERM | |
| Topical term or geographic name as entry element | برامج الحاسوب |
| 700 1# - ADDED ENTRY--PERSONAL NAME | |
| Personal name | لنتز، جون وارن |
| Relator term | مؤلف مشارك |
| 700 1# - ADDED ENTRY--PERSONAL NAME | |
| Personal name | عامري، خالد |
| Relator term | مترجم |
| 942 ## - ADDED ENTRY ELEMENTS (KOHA) | |
| Source of classification or shelving scheme | Dewey Decimal Classification |
| Koha item type | كتب |
| حالة السحب | حالة الفقدان | مصدر التصنيف | حالة التلف | غير قابل للإعارة | المكتبة الرئيسية | المكتبة الحالية | موقع الرف | تاريخ التزويد | الرقم المتسلسل | Total Checkouts | رقم الإستدعاء | الباركود | تاريخ آخر ظهور | تاريخ الفاتورة | نوع المادة (كوها) |
|---|---|---|---|---|---|---|---|---|---|---|---|---|---|---|---|
| Dewey Decimal Classification | Not For Loan | مكتبة الجويدة | مكتبة الجويدة | لا يعار | 13/07/2004 | 905393 | 005.3رينم | 905393 | 28/07/2025 | 13/07/2004 | كتب |